| 000 | 00405 a2200169 4500 | ||
|---|---|---|---|
| 005 | 20250508172947.0 | ||
| 008 | 250508b |||||||| |||| 00| 0 eng d | ||
| 020 | _a9789360533137 | ||
| 041 | _aEnglish | ||
| 100 |
_aDavenport K. _9208530 |
||
| 245 | _aC Programming Skills | ||
| 250 | _a3rd | ||
| 260 |
_bCengage Learning India _c2015 |
||
| 300 | _a315 | ||
| 700 |
_aVine M. _9212033 |
||
| 942 | _cBK | ||
| 999 |
_c359756 _d359756 |
||